000 00328 a2200109 4500
001 ART_11441
005 20260410161857.0
008 260409a
245 1 0 _aEl GATT en el sistema internacional de comercio
100 1 _aFerro, Gustavo
773 0 _tRevista de Economía
_g- Nº 66 (ene./mar. 1992)
_wREV11077
999 _c25578
_d25578